| 000 | 00856cab a2200289 4500 | ||
|---|---|---|---|
| 001 | ABS46584 | ||
| 008 | 090401t1992 xxu||||| |||| 00| 0 eng d | ||
| 035 | _a(Sirsi) u58800 | ||
| 041 | _aeng | ||
| 100 | _aCory, M.J. | ||
| 245 | 4 | _aThe facts about portable data capture | |
| 260 | _c1992 | ||
| 350 | _a0 | ||
| 490 |
_aCS Monthly : Land and Hydrographic Survey _v1(9) June 1992, 5-7(3) |
||
| 520 | _aExamines methods of collecting data for geographic information systems. References. | ||
| 650 | _aCOMPUTER NOTEPADS | ||
| 650 | _aDATA CAPTURE SYSTEMS | ||
| 650 | _aDIGITAL FIELD UPDATE SYSTEM | ||
| 650 | _aGIS | ||
| 650 | _aGIS | ||
| 650 | _aORDNANCE SURVEY | ||
| 650 | _aPIES | ||
| 650 | _aPORTABLE INTERACTIVE EDIT STATIONS | ||
| 690 | _aMANAGEMENT-BUSINESS MANAGEMENT-INFORMATION MANAGEMENT | ||
| 942 | _n0 | ||
| 948 | _c04/03/1997 | ||
| 999 |
_c35954 _d35954 |
||